Responses for show #4423 - Wednesday, November 26, 2003

Contestants

Bobby Greenfeld, a patent attorney from Chappaqua, New York

Gina Bever, a director of marketing from Chattanooga, Tennessee

Karen Kratzer, a tax accountant from Annapolis, Maryland (whose 1-day cash winnings total $20,001)

Jeopardy! Round responses

HISTORICAL QUOTES
RECENT OSCAR WINNERS
YOU DON'T KNOW JACK
GOULASH
INSECTS
CHAT ROOM LINGO
    $200 2
Winston Churchill

Gina
    $200 11
(Bobby: What is "Splash?")

A Beautiful Mind

Bobby
Triple Stumper
    $200 1
Jack Sprat

Gina
    $200 22
one-way mirrors

Karen
    $200 15
antennae

Karen
    $200 16
desk top publishing

Karen
    $400 3
Paul Revere

Karen
    $400 12
Catherine Zeta-Jones (husband is Michael Douglas)

Triple Stumper
    $400 7
Jack the Ripper

Bobby
    $400 23
myths

Karen
    $400 19
termites

Gina
    $400 17
garbage in, garbage out

Karen
    $600 4
(Gina: Who was Nero?)

Caligula

GinaBobby
    $600 13
Adrien Brody

Gina
    $600 8
Jack Lemmon (in "Some Like It Hot")

Triple Stumper
    $600 26
strife

Karen
    $600 20
wings

Triple Stumper
    $600 18
everything you read

Bobby
    $800 5
Patty Hearst

Bobby
    $800 14
(Bobby: Who was Caine?)

Peter O'Toole

Bobby
Triple Stumper
    $800 9
Jack Warner

Karen
    $800 27
farmer

Bobby
    $800 21
(Bobby: What is cocoon?)

larval

GinaBobby
    $800 24
the keyboard

Bobby
    $1000 6
(Gina: What is "Utopia?")

"The Republic"

GinaBobby
    $1000 29
[end-of-round signal sounds]

Marcia Gay Harden

Karen
    $1000 10
(Bobby: Who was Oscar Wilde?)
(Alex: The book was "Call of the Wilde?")

Jack London

Bobby
Triple Stumper
    $1000 28
T.S (Thomas Stearns) Eliot

Karen
    $1,200 25
(Bobby: Um....time [time]?)
(Alex: Less than a minute to go.)

brains and time

Bobby

Scores at the first commercial break (after clue 15):

Karen Gina Bobby
$1,400 -$600 $800

Scores at the end of the Jeopardy! Round:

Karen Gina Bobby
$5,200 $600 $1,000

Double Jeopardy! Round responses

U.S. PLACE NAMES
FIX THE LYRIC
(Alex: We'll give you an ungrammatical line from a song; you correct it.)
SIGNS & SYMBOLS
COOKBOOKS
"I" GUESS
ODD WORDS
    $400 1
Portsmouth

Bobby
    $400 7
"I can't get any satisfaction"

Bobby
    $400 6
fish

Bobby
    $400 13
The Sopranos

Karen
    $400 18
icebergs

Gina
    $400 22
nose

Karen
    $800 2
Diamond Head

Gina
    $800 8
"'Til the stars fall from the sky for you and me"

Bobby
    $800 12
stove

Karen
    $800 14
(Gina: Who was Betty Crocker?)

Fannie Farmer

KarenGina
    $800 19
impala

Gina
    $800 24
window

Gina
    $1200 3
Edison

Bobby
    $1200 9
(Karen: What is "If this ever-changing world in which we live in makes us give in and cry"?)
...
(Alex: You had to drop that second "in".)

"If this ever-changing world in which we live makes you give in and cry"

KarenBobby
    $1200 28
space

Bobby
    $1200 15
"Joy of Cooking"

Karen
    $1200 20
indentured

Karen
    $1200 25
(Alex: With a minute to go.)

hoodoo

Karen
    $1600 4
Chapel Hill

Gina
    $1600 10
"If I were your girlfriend, would you remember to tell me...?"

Bobby
    $6,000 30
(Bobby: What is the Episcopal Church?)
(Alex: In the United States, the Episcopal Church; in England, the Church of England or the Anglican Church.)

Church of England

Bobby
    $1600 16
Alice B. Toklas

Triple Stumper
    $1600 21
inferiority

Bobby
    $1600 26
the Upper Peninsula

Karen
    $2000 5
(Alex: Named for Stephen [*]. "Our country, right or wrong.")

Decatur

Triple Stumper
    $2000 11
"Love me tenderly, love me dear, tell me you are mine"

Triple Stumper
    $2000 29
(Gina: What is a quarter?)

sinister

Gina
Triple Stumper
    $2000 17
Atkins

Karen
    $2,000 23
ichthyologist

Karen
    $2000 27
pennant

Gina

Scores at the end of the Double Jeopardy! Round:

Karen Gina Bobby
$15,600 $4,200 $15,800

[wagering suggestions for these scores]

Final Jeopardy! Round responses

COUNTRIES
GinaWhat is Russia?
$3,800
KarenWhat is Hungary
$7,100
BobbyWhat is Denmark
$15,600
Hungary

Final scores:

Karen Gina Bobby
$22,700 $400 $200
2-day champion: $42,701 2nd place: $2,000 3rd place: $1,000

Game dynamics:

Coryat scores:

Karen Gina Bobby
$15,600 $4,200 $12,600
20 R
(including 1 DD),
1 W
11 R,
4 W
17 R
(including 1 DD),
5 W
(including 1 DD)

Combined Coryat: $32,400

The J! Archive is created by fans, for fans. The Jeopardy! game show and all elements thereof, including but not limited to copyright and trademark thereto, are the property of Jeopardy Productions, Inc. and are protected under law. This website is not affiliated with, sponsored by, or operated by Jeopardy Productions, Inc. Join the discussion at JBoard.tv.